000 00590nam a22002051a 4500
001 16331
003 BD-RjUL
005 20211209000009.0
008 140213r19651963enka 1 0 eng d
035 _a(BD-RjUL)16386
040 _aNUN
_beng
_cNUN
_dNNCU:A
_dBD-RjUL
041 _aeng
082 0 4 _a822.0209
_219
_bSWW 1965
100 1 _aSwinson, Arthur.
_950493
245 1 0 _aWriting for television today /
_cSwinson, Arthur.
260 _aLondon :
_bBlack,
_c1963 [reprinted 1965]
300 _axiii, 262 p. :
_bill. ;
_c22 cm.
650 0 _aTelevision authorship.
_950494
942 _2ddc
_cBK
999 _c16331
_d16331